BTS Song Titles - Fill in the Blank #1 - Statistics

General Stats
  • This quiz has been taken 6 times
  • The average score is 13 of 20
Answer Stats
Song % Correct
{Boy} With Luv
100%
{So} What
100%
{Yet} To Come
100%
Airplane {Pt. 2}
80%
{Body} to Body
80%
Boy In {Luv}
80%
Epilogue: {Young} Forever
80%
Go {Go}
80%
{Life} Goes On
80%
{Love} Maze
80%
No {More} Dream
80%
Run {BTS}
80%
BTS {Cypher} 4
60%
Into the {Sun}
60%
All {Night}
40%
{Converse} High
40%
{Dream} Glow
40%
{Spine} Breaker
40%
{Moving} On
20%
{Wake} Up
0%
No matching quizzes found
Score Distribution
Percent of People with Each Score
Percentile by Number Answered
Your Score History
You have not taken this quiz